000 00314nam a22001337a 4500
008 170614b xxu||||| |||| 00| 0 eng d
020 _a9780262622165
041 _aeng
080 _a94
100 _a19
101 _aSHP
245 _aTHE EPICENTER OF CRISIS THE MIDDLE EAST
_cLENNON.T.J
942 _2udc
_cBK
999 _c17292
_d17292